|
|
|
|
| LEADER |
00000nam a22000004a 4500 |
| 001 |
AR-BbUGT1062 |
| 003 |
AR-BbUGT |
| 005 |
20181220001516.0 |
| 007 |
ta |
| 008 |
061101t1984 |||ad |0|||0| d |
| 020 |
|
|
|a 84-344-3440-7
|
| 040 |
|
|
|a AR-BbUGT
|b spa
|c AR-BbUGT
|
| 082 |
0 |
4 |
|a 910.385
|
| 100 |
1 |
|
|a Potrykowski, Marek.
|
| 245 |
1 |
0 |
|a Geografía del transporte /
|c Marek Potrykowski.
|
| 260 |
|
|
|a Barcelona :
|b Ariel,
|c 1984.
|
| 300 |
|
|
|a 303 p. :
|b il., gráficos
|
| 653 |
|
|
|a Transporte
|
| 653 |
|
|
|a Redes de transporte
|
| 653 |
|
|
|a Modelo gravitatorio
|
| 653 |
|
|
|a Relación entre masas y distancias
|
| 653 |
|
|
|a Triada de Ullman
|
| 653 |
|
|
|a Algoritmo del tranporte
|
| 653 |
|
|
|a Programación lineal del transporte
|
| 942 |
|
|
|c BK
|h 910.385
|i P85
|2 ddc
|6 910_385000000000000_P85
|
| 999 |
|
|
|c 8911
|d 8911
|